STRATA MANAGEMENT ACT 2013 (ACT 757) & REGULATIONS : (AS AT 1st AUGUST 2017)

Bibliographic Details
Corporate Authors: Malaysia.jurisdiction governed, Lembaga Penyelidikan Undang-Undang (ditor)
Format: Book
Language:English
Published: Petaling Jaya, Selangor : International Law Book Services 2017
Series:Laws of Malaysia
Subjects:

MARC

LEADER 00000cam a2200000 7i4500
001 0000028419
005 20241122.0
008 190405 my eng
020 |a 9789678924832 
040 |a INS   |b eng   |e rda 
090 0 0 |a KPG982.S77   |b M23 2017 
110 1 |a Malaysia.jurisdiction governed 
245 1 0 |a STRATA MANAGEMENT ACT 2013 (ACT 757) & REGULATIONS :   |b (AS AT 1st AUGUST 2017)   |c Compiled by: Legal Research Board 
264 1 |a Petaling Jaya, Selangor :   |b International Law Book Services   |c 2017 
300 |a 336 pages ;   |c 24 cm. 
336 |a text  |2 rdacontent 
337 |a unmediated  |2 rdamedia 
338 |a volume  |2 rdacarrier 
490 1 |a Laws of Malaysia 
650 0 |a Corporation law   |z Malaysia 
650 0 |a Land titles   |z Malaysia 
710 2 |a Lembaga Penyelidikan Undang-Undang   |e ditor 
999 |a 1000003667   |b BOOK   |c Open Shelf   |e Default branch